00806 2200181 4500245003200000020002200032250001100054100001100065650001700076650001300093005001900106260004200125041001400167084001100181300002300192500040000215336000900615 aThree SisterscSepliahText a978-602-03-4010-4 aCet. 1 aSeplia aNovel Remaja aMetropop a20240126093952 aJakartabGramedia Pustaka Utamac2017 aIndonesia a808.83 a226 hlm. :c20 cm. aBagi Rere, jodoh adalah hal krusial. Dia memiliki standar yang tinggi sehingga belum menikah di umurnya yang sudah matang. Bagi Gina, menikah adalah penjara. Dia baru mengetahui hal itu setelah hidupnya dihabiskan dengan mengurus keluarganya. Bagi Yumi, belum memiliki anak setelah bertahun-tahun menikah adalahhal menyedihkan. Dia makin tertekan karena mertuanya gencar menanyakan hal tersebut. atext